Ricostruisci la Carriera del Calciatore - Alessio Zerbin - Statistics

Statistiche generali
  • Questo quiz è stato fatto 3 volte
  • Il punteggio medio è 5 su 9
Statistiche sulle risposte
Hint Risposta % Corretto
2024- Monza
100%
2022-2024 Napoli
100%
2015-2017 Gozzano
67%
2020-2021 Pro Vercelli
67%
2019-2020 Cesena
33%
2021-2022 Frosinone
33%
2017-2018 Napoli
33%
2015 Suno
33%
2018-2019 Viterbese Castrense
33%
Nessun quiz corrispondente trovato
Distribuzione punteggi
Percentuale di utenti per punteggio
Percentile per numero di risposta
I tuoi punteggi nel tempo
Non hai fatto questo quiz